| 000 | 00691nam a2200265Ia 4500 | ||
|---|---|---|---|
| 003 | OSt | ||
| 005 | 20221006141905.0 | ||
| 006 | a|||||r|||| 00| 0 | ||
| 007 | ta | ||
| 008 | 221006b |||||||| |||| 00| 0 eng d | ||
| 020 | _c¥3310 | ||
| 024 | _a4,580 | ||
| 037 | _cTextual | ||
| 040 |
_aEASL _cEASL _beng |
||
| 041 |
_2eng _aeng |
||
| 082 | _aQ0bY.1.N7, L0 | ||
| 100 | _aBELLAH Robert N | ||
| 245 | 0 |
_aBeyond belief _b Essays on religion in a post-traditional world |
|
| 260 |
_aNew York _bHarper & Row _c1970 |
||
| 300 |
_a298p. _ccm. |
||
| 490 | _v Gen | ||
| 650 | _aGen | ||
| 942 |
_hQ0bY.1.N7, L0 _cTEXL _2CC |
||
| 999 |
_c1072666 _d1072666 |
||